000 00859nam a2200181 i 4500
001 189383
003 ES-MaACL
005 20250805063327.0
008 190528s1873 sp |||| | spa d
100 1 _aNaranjo y Garza, Felipe,
_d1809-1877
_9141837
245 1 0 _aPaleontología é Historia del trabajo subterráneo
_b: (Minas de Santander) /
_cpor Don Felipe Naranjo y Garza.
260 _aMadrid :
_b[s.n.],
_c1873 (
_fImp. de T. Fortanet)
300 _a6 p., [2 ] h. de lám. ;
_c23 cm.
595 _aAnales de la Sociedad Española de Historia Natural, Tomo II.
650 4 _aMinas-
_zSantander.
_9167142
852 _aES-MaACL
_jB-8927(8)
_z.- Legado de Federico de Botella y de Hornos
_z.- Encuadernado en un vol. facticio agrupado con el nombre en el lomo: España, geología, memorias y documentos varios 41 al 56
999 _c189383
_d189383